Central Library OPAC University of Rajshahi

Statistical inference / (Record no. 51466)

MARC details
000 -LEADER
fixed length control field 00801nam a2200265 a 4500
001 - CONTROL NUMBER
control field 51466
003 - CONTROL NUMBER IDENTIFIER
rucl marc code BD-RjUL
005 - DATE AND TIME OF LATEST TRANSACTION
control field 20211209075651.0
008 - FIXED-LENGTH DATA ELEMENTS--GENERAL INFORMATION
fixed length control field 160831r20072000c ||||| |||| 001 0 eng d
020 ## - INTERNATIONAL STANDARD BOOK NUMBER
International Standard Book Number 8131503941
035 ## - SYSTEM CONTROL NUMBER
System control number (BD-RjUL)51586
040 ## - CATALOGING SOURCE
Original cataloging agency BD-RjUL
Language of cataloging eng
Transcribing agency BD-RjUL
041 ## - LANGUAGE CODE
Language code of text/sound track or separate title eng
082 ## - DEWEY DECIMAL CLASSIFICATION NUMBER
Edition number 23
Classification number 519.54
Author mark and year CAS 2007
100 1# - MAIN ENTRY--PERSONAL NAME
Personal name Casella, George
9 (RLIN) 153912
245 10 - TITLE STATEMENT
Title Statistical inference /
Statement of responsibility, etc. George Casella ; Roger L Berger
250 ## - EDITION STATEMENT
Edition statement 2nd ed.
260 ## - PUBLICATION, DISTRIBUTION, ETC. (IMPRINT)
Place of publication, distribution, etc. Pacific Grove, CA :
Name of publisher, distributor, etc. Thomson Learning,
Date of publication, distribution, etc. ©2002, [Reprinted 2007]
300 ## - PHYSICAL DESCRIPTION
Pagination xxviii, 660 p. :
Illustrations ill. ;
Size 25 cm.
500 ## - GENERAL NOTE
General note Includes index
650 ## - SUBJECT ADDED ENTRY--TOPICAL TERM
Topical term or geographic name as entry element Mathematical statistics.
9 (RLIN) 153913
Topical term or geographic name as entry element Probabilities.
9 (RLIN) 153914
700 ## - ADDED ENTRY--PERSONAL NAME
Personal name Berger, Roger L, joint author
942 ## - ADDED ENTRY ELEMENTS (KOHA)
Source of classification or shelving scheme Dewey Decimal Classification
Koha item type Books
Holdings
Lost status Source of classification or shelving scheme Damaged status Not for loan Collection code Permanent Location Current Location Shelving location Date acquired Source of acquisition Cost, normal purchase price Total Checkouts Full call number Date last seen Date checked out Copy number Koha item type
  Dewey Decimal Classification     Non-fiction Central Library, University of Rajshahi Central Library, University of Rajshahi   29/06/2008 Paragon Enterprise Lit., Dhaka 350.00 1 519.54 CAS 2007 17/04/2025 23/02/2025 C-2 Books
  Dewey Decimal Classification   Not For Loan Non-fiction Central Library, University of Rajshahi Central Library, University of Rajshahi Reading Room 29/06/2008 Dhaka, Paragon Enterprises Ltd. 350.00   519.54 CAS 2007 18/04/2017   C-1 Books